000 00419nam a2200169Ia 4500
003 GCL
008 140319s9999 xx 000 0 eng d
040 _aGCL /
_cGCL
082 0 4 _a305.231
_bS C
100 1 _aSANTRACK, JOHN W
245 1 0 _aCHILD DEVELOPMENT /
_cSANTRACK, JOHN W
260 _a[S.N] :
_bBROWN & BENCHMARK ،
_c1994
300 _a605 P
650 0 4 _aDEVELOPMENT
650 0 4 _aCHILD
942 _2ddc
_cBK
999 _c11485
_d11485